Experiments in police discretion: Scientific boon or dangerous knowledge?
| 1. VerfasserIn: | |
|---|---|
| Medienart: | Elektronisch Aufsatz |
| Sprache: | Englisch |
| Veröffentlicht: |
1984
|
| In: |
Law and contemporary problems
Jahr: 1984, Band: 47, Heft: 4, Seiten: 61-81 |
| Online-Zugang: |
Volltext (lizenzpflichtig) Volltext (lizenzpflichtig) |
| Verfügbarkeit prüfen: | HBZ Gateway |
MARC
| LEADER | 00000caa a22000002c 4500 | ||
|---|---|---|---|
| 001 | 1912549433 | ||
| 003 | DE-627 | ||
| 005 | 20250128054958.0 | ||
| 007 | cr uuu---uuuuu | ||
| 008 | 241217s1984 xx |||||o 00| ||eng c | ||
| 035 | |a (DE-627)1912549433 | ||
| 035 | |a (DE-599)KXP1912549433 | ||
| 040 | |a DE-627 |b ger |c DE-627 |e rda | ||
| 041 | |a eng | ||
| 084 | |a 2,1 |2 ssgn | ||
| 100 | 1 | |a Sherman, Lawrence W. |d 1949- |e VerfasserIn |0 (DE-588)131758934 |0 (DE-627)513605738 |0 (DE-576)298722283 |4 aut | |
| 109 | |a Sherman, Lawrence W. 1949- |a Sherman, Lawrence 1949- | ||
| 245 | 1 | 0 | |a Experiments in police discretion: Scientific boon or dangerous knowledge? |
| 264 | 1 | |c 1984 | |
| 336 | |a Text |b txt |2 rdacontent | ||
| 337 | |a Computermedien |b c |2 rdamedia | ||
| 338 | |a Online-Ressource |b cr |2 rdacarrier | ||
| 773 | 0 | 8 | |i Enthalten in |t Law and contemporary problems |d Durham, NC : Univ., 1933 |g 47(1984), 4, Seite 61-81 |h Online-Ressource |w (DE-627)300184247 |w (DE-600)1481479-1 |w (DE-576)107204290 |7 nnas |
| 773 | 1 | 8 | |g volume:47 |g year:1984 |g number:4 |g pages:61-81 |
| 787 | 0 | 8 | |i Forschungsdaten |a Berk, Richard A. |t Specific Deterrent Effects of Arrest for Domestic Assault: Minneapolis, 1981-1982 |d [Erscheinungsort nicht ermittelbar] : [Verlag nicht ermittelbar], 1984 |w (DE-627)1840063084 |
| 856 | 4 | 0 | |u https://www.ncjrs.gov/App/Publications/abstract.aspx?ID=107165 |x Verlag |z lizenzpflichtig |3 Volltext |7 1 |
| 856 | 4 | 0 | |u http://scholarship.law.duke.edu/cgi/viewcontent.cgi?article=3780&context=lcp |q application/pdf |x Verlag |z lizenzpflichtig |3 Volltext |7 1 |
| 935 | |a mkri | ||
| 951 | |a AR | ||
| ELC | |a 1 | ||
| LOK | |0 000 xxxxxcx a22 zn 4500 | ||
| LOK | |0 001 4637514932 | ||
| LOK | |0 003 DE-627 | ||
| LOK | |0 004 1912549433 | ||
| LOK | |0 005 20241217044443 | ||
| LOK | |0 008 241217||||||||||||||||ger||||||| | ||
| LOK | |0 035 |a (DE-2619)ICPSR110912 | ||
| LOK | |0 040 |a DE-2619 |c DE-627 |d DE-2619 | ||
| LOK | |0 092 |o n | ||
| LOK | |0 852 |a DE-2619 | ||
| LOK | |0 852 1 |9 00 | ||
| LOK | |0 935 |a nacp | ||
| LOK | |0 939 |a 17-12-24 |b l01 | ||
| ORI | |a SA-MARC-krimdoka001.raw | ||
